EPL Multiverse All XI S5 - Statistics

General Stats
  • This quiz has been taken 3 times
  • The average score is 35 of 220
Answer Stats
Drużyna Narodowość Nazwisko % Correct
Birmingham Brazylia Guimaraes
100%
Birmingham Portugalia Jorghieno
100%
Birmingham Mołdawia Kesekon
100%
Birmingham Chorwacja Korinćić
100%
Birmingham Hiszpania Moreno
100%
Birmingham Anglia Patterson
100%
Birmingham Włochy Puigi-Luiz
100%
Livermersey Ukraina Aderesen
50%
Colchester Argentyna Alisttris
50%
Birmingham Anglia Alonso
50%
Brighton Meksyk Alvarito
50%
Liverpool Urugwaj Arajuno
50%
Leeds Irlandia Archie
50%
Liverpool Hiszpania Arraraz
50%
Brytana Anglia Arroyo
50%
Brytana Portugalia Arwin
50%
Cambridge Anglia Bradlay
50%
Swindon Anglia Brown
50%
Colchester Australia Bukkey
50%
Colchester Czechy Cerveny
50%
Brytana Anglia Colwell
50%
Leicester Szwajcaria Dreisan
50%
Liverpool Wegry Duraj
50%
Leicester Anglia Eisgon
50%
Leeds Maroko Framzeh
50%
Durham Nikaragua Garreson
50%
Leicester Chorwacja Gegunović
50%
Cambridge Anglia Ivorland
50%
Brytana Anglia James
50%
Liverpool USA James
50%
Leicester Kolumbia Jorinez
50%
Brytana Meksyk Juarez
50%
Durham Grecja Kallins
50%
Brighton Zambia Kaurino
50%
Cambridge Hiszpania Kertan
50%
Brytana Turcja Kramer
50%
Brighton Portugalia Ligrimes
50%
Doncaster Peru Limanoz
50%
Colchester Kuwejt Mahoz
50%
Durham Irlandia Płn. McAllister
50%
Brighton Islandia Migez
50%
Brytana Szkocja Mitch
50%
Doncaster Kanada Murphies
50%
Cambridge Japonia Onoyoko
50%
Brighton Kuba Panastro
50%
Durham Argentyna Parreres
50%
Cambridge Anglia Pockland
50%
Leeds Hiszpania Randon
50%
Brighton Brazylia Rementes
50%
Colchester Kanada Rendall
50%
Newcastle Hiszpania Rodrigo
50%
Livermersey Portugalia Rodrigozo
50%
Leicester islandia Roilsonn
50%
Brighton Portugalia Santos
50%
Brighton Włochy Sarla
50%
Livermersey Walia Shelbey
50%
Liverpool Anglia Turner
50%
Sheffield Anglia Turner
50%
Birmingham Walia Wester
50%
Livermersey USA Worrock
50%
Birmingham Anglia Young
50%
Leicester ZEA Zahalan
50%
Colchester USA Zamora
50%
Northampton Egipt Ajelaiende
0%
Northampton Brazylia Allison
0%
Sheffield Finlandia Allung
0%
Northampton Dania Anderson
0%
Newcastle Dania Andler
0%
Swindon USA Andres
0%
Swindon Czarnogóra Aruni
0%
Colchester Meksyk Aveiras
0%
Swindon Anglia Aylies
0%
Doncaster Brazylia Badashi
0%
Man Glory Szkocja Baggley
0%
Newcastle Kongo Baiani
0%
Leeds Anglia Barkley
0%
Man Glory Anglia Barrow
0%
Man Union Anglia Bellingtonn
0%
Colchester Portugalia Bernares
0%
Sheffield Włochy Bournetta
0%
Newcastle Walia Brookwell
0%
Brytana Walia Buchanan
0%
Cambridge Anglia Burklay
0%
Sunderland Francja Busquart
0%
Livermersey Boliwia Carrarez
0%
Man Union Portugalia Carvaljo
0%
Sheffield Belgia Castange
0%
Doncaster Anglia Chickey
0%
Sheffield Anglia Clifford
0%
Brytana Boliwia Codeban
0%
West London Ekwador Colombo
0%
Liverpool Brazylia Correia
0%
Doncaster Hiszpania Cotare
0%
Man Union Anglia Cowell
0%
Man Glory Anglia Darlow
0%
West London USA Deane
0%
Livermersey Francja Deiche
0%
Leicester Walia Dekai
0%
Swindon Niemcy Dergez
0%
Sunderland Holandia De Rodez
0%
Tottenham Kuba Dianas
0%
Sheffield Niemcy Diefrez
0%
Man Union Anglia Dier
0%
Leicester Puertoryko Dionallo
0%
Brighton Brunei Dounala
0%
Northampton USA Drake
0%
Newcastle Anglia Dranwell
0%
Sunderland USA Dukey
0%
Livermersey Dania Dukkas
0%
Sunderland Meksyk Ervis
0%
Man Glory Włochy Fagiolo
0%
Newcastle Boliwia Famedez
0%
Swindon Anglia Farkwoll
0%
Swindon Szkocja Fawdlee
0%
Leeds Islandia Fear
0%
Man Glory Dania Felix
0%
Leeds Brazylia Filipe
0%
Sunderland Anglia Foarland
0%
Sheffield Anglia Froniter
0%
Liverpool Portugalia Gomes
0%
West London Anglia Green
0%
West London Anglia Greenwood
0%
Leicester Niemcy Greyschloff
0%
Tottenham Argentyna Guejes
0%
Sheffield Panama Guhieres
0%
Brighton USA Harveytonn
0%
Tottenham Holandia Heel
0%
Durham Walia Hutchkinson
0%
Doncaster Walia Hutscher
0%
Man Union Korea Płd. Hwang-Nel
0%
Doncaster Anglia Jackie
0%
Newcastle USA Jackson
0%
Newcastle Anglia Jacobs
0%
Durham Serbia Janković
0%
Northampton Chiny Jena
0%
West London Anglia Jetkins
0%
Brytana USA Johnson
0%
Man Union Paragwaj Junites
0%
West London Szwecja Karlsstrom
0%
Man Glory Węgry Karzwurl
0%
Man Union Anglia Lautaro
0%
Livermersey Hiszpania Lavasman
0%
West London Anglia Lawren
0%
Sheffield Anglia Learford
0%
West London Anglia Lenguire
0%
Northampton Korea Płd. Leyn
0%
Leeds Nigeria Listipado
0%
Birmingham Walia Lokrane
0%
Leeds Szkocja Loohart
0%
Liverpool Francja Lorient
0%
Cambridge Anglia Lovren
0%
Sunderland Polska Lubańczyk
0%
Swindon RPA Mabadu
0%
Man Glory Argentyna Madan
0%
Durham Portugalia Maiar
0%
Colchester Argentyna Malone
0%
Man Union Kanada Manseen
0%
Newcastle Portugalia Martinaz
0%
Leicester Paragwaj Martinez
0%
Brighton Włochy Meretens
0%
Liverpool Urugwaj Mije
0%
Cambridge Anglia Milney
0%
Swindon Meksyk Mora
0%
Cambridge Portugalia Morenes
0%
Brytana Szkocja Morgan
0%
Man Glory Kanada Morrow
0%
Durham USA Muldey
0%
Sheffield Portugalia Namete
0%
Tottenham Anglia Nersford
0%
West London Kongo Ngueien
0%
Man Glory USA Orlamas
0%
Durham Brazylia Palacios
0%
Tottenham Anglia Palama
0%
Livermersey Anglia Pallace
0%
Tottenham Anglia Palmer
0%
Leeds Anglia Parson
0%
Doncaster Portugalia Pereira
0%
Man Union Portugalia Pereiro
0%
Tottenham Włochy Perreira
0%
Man Union Bośnia Pojeric
0%
Leicester Portugalia Porejo
0%
Durham Francja Punleue
0%
Sheffield Hiszpania Reidsen
0%
Northampton Hiszpania Reya
0%
Colchester Szkocja Reyna
0%
Tottenham Portugalia Rodrigues
0%
Northampton USA Rubert
0%
Tottenham Portugalia Ruiz
0%
Sunderland Grecja Safarez
0%
Sunderland Cypr Safoz
0%
Sunderland Egipt Saframiz
0%
Northampton Polska Salomon
0%
Colchester Dania Sandige
0%
Durham Hiszpania Saragoza
0%
Livermersey Irlandia Płn. Sawrinim
0%
Livermersey Włochy Sculpio
0%
Northampton Islandia Segursson
0%
Man Union Boliwia Serranoi
0%
Leeds USA Sparrow
0%
Doncaster Sgry Szabio
0%
Cambridge Szkocja Ternaliss
0%
Newcastle Portugalia Tirmaloza
0%
Man Glory Walia Touenell
0%
Liverpool Szkocja Trent
0%
Leeds Francja Tyroeal
0%
Cambridge Portugalia Vaiero
0%
Newcastle Szkocja Vangaz
0%
Man Glory Rumunia Vasim
0%
Swindon Francja Vazquez
0%
Swindon Włochy Votza
0%
West London Anglia Ward
0%
Northampton Anglia Watkinson
0%
Tottenham USA Watson
0%
Sunderland Niemcy Werden
0%
Doncaster Anglia Woodland
0%
West London Anglia Woodrow
0%
Sunderland USA Woolte
0%
Liverpool Hiszpania Yeretes
0%
Doncaster Szkocja Yotare
0%
Tottenham Austria Zurmand
0%
No matching quizzes found
Score Distribution
Percent of People with Each Score
Percentile by Number Answered
Your Score History
You have not taken this quiz